| 000 | 00397nam a22001457a 4500 | ||
|---|---|---|---|
| 005 | 20151207102017.0 | ||
| 008 | 151207b xxu||||| |||| 00| 0 eng d | ||
| 040 | _cPK-LaUMT | ||
| 082 |
_aMSC 923.1 _bKOS-Z |
||
| 100 | _aکوثر نیازی | ||
| 245 |
_aذوالفقار علی بھٹو _cکوثر نیازی |
||
| 260 |
_aلاہور _bجنگ پبلشرز _c1989 |
||
| 300 | _a264 ص | ||
| 942 | _cBK | ||
| 999 |
_c80603 _d80603 |
||